| 000 | 00635cam a22002171 4500 | ||
|---|---|---|---|
| 001 | sa 68004856 | ||
| 003 | DLC | ||
| 005 | 20260227112504.0 | ||
| 008 | 711020s1966 ii ac b 00010 eng | ||
| 010 | _asa 68004856 //r88 | ||
| 025 | _aPL480:I-E-6217 | ||
| 043 | _aa-ii--- | ||
| 050 | 0 |
_aHV393 _b.C5 |
|
| 082 | _a362/.9/54 | ||
| 100 | 1 | 0 |
_aChowdhry, Dharam Paul, _d1927- |
| 245 | 1 | 2 |
_aA handbook of social welfare, _cby D. Paul Chowdhry. Foreword by R. N. Saksena. |
| 260 | 0 |
_aDelhi, _bAtma Ram, _c1966. |
|
| 300 |
_axii, 223 p. _billus., ports. _c23 cm. |
||
| 504 | _aBibliography: p. 205-215. | ||
| 650 | 0 |
_aPublic welfare _zIndia. |
|
| 999 |
_c80396 _d80396 |
||